000 01858cam a22004454i 4500
003 PE-LiUPU
005 20250731172906.0
008 s rb 000 0 eng d
020 _a080284054
020 _a9780802840547
035 _a(Sirsi) a166537
040 _aPE-LiUPU
049 _aPRUA
082 0 4 _a226.066
_bW32
_223
100 1 _aWatson Francis.,
_eautor.
245 1 0 _aGospel writing:
_ba canonical perspective /
_cFrancis Watson.
264 _aGrand Rapids (Mich.) ;
_aCambridge :
_bWilliam B. Eerdmans,
_c2013.
300 _a665 páginas;
_c24 centimetros
336 _atext
_2rdacontent
337 _aunmediated
_2rdamedia
338 _avolume
_2rdacarrier
504 _aBibliografías 620-644.
505 0 4 _aPART I : THE ECLIPSE OF THE FOURFOLD GOSPEL. Augustine's ambiguous legacy -- Dismantling the canon : Lessing/Reimarus -- PART II : REFRAMING GOSPEL ORIGINS. The coincidences of Q -- Luke the interpreter -- Thomas versus Q -- Interpreting a Johannine source (Jn, GEger) -- Reinterpreting in Parallel (Jn, Gth, Gpet) -- PART III : THE CANONICAL CONSTRUCT. The East : limiting plurality -- The West : towards consensus -- Origen : canonical hermeneutics -- Image, symbol, liturgy -- In lieu of a conclusion: seven theses on Jesus and the canonical Gospel
526 _aSEG42
526 _aSEG41
526 _aSEG40
526 _aSEG39
526 _aP94
526 _aP87
526 _aP86
526 _aP85
526 _aP77
526 _aP76
526 _aP35
650 0 4 _aEvangelios.
596 _a1
942 _2ddc
_cBOOK
999 _a226.066 W32
_wLC
_c15281
_i75287
_f2021-11-9
_g5
_lCCODEBUL1
_mBUL
_p31.17
_r0
_sY
_tBOOK
_u2017-1-26
_xTEOLOGIA
_PP85
_0COMPRA
_o.STAFF. Colección Teología
_d15281
980 _81
_gALBERTO SANCHEZ Responsable de Automatización